| 000 | 00665cab a22001935a 4500 | ||
|---|---|---|---|
| 001 | L158792 | ||
| 008 | 150723e2015 xxk 000 0 eng d | ||
| 035 | _a(Sirsi) u158792 | ||
| 041 | 0 | _aeng | |
| 050 | _a333.3307 $2 18 | ||
| 100 | 1 | _aPercival, J. | |
| 245 | 0 | 0 | _aNo need to panic |
| 490 |
_aRICS Building Control _vJune 2015- July 2015, 22 (1) |
||
| 520 | _aGives top tips for successfully completing the Assessment of Professional Competence. | ||
| 650 | 2 | 4 |
_aAPC _96216 |
| 651 | 4 |
_aUnited Kingdom _y |
|
| 856 | 4 | 8 |
_uhttps://www.rics.org/uk/knowledge/journals/building-control-journal _zView the journal free of charge at www.rics.org/journals... |
| 942 | _n0 | ||
| 999 |
_c84699 _d84699 |
||